000 01320nam a2200301Ia 4500
003 PE SENCICO BE
005 20251020182439.0
008 200515s9999 xx 000 0 und d
020 _a84-344-3465-2
040 _aPE SENCICO BE
_cPE SENCICO BE
041 _aspa
082 _a526.982
_bF38
100 1 _aFernández García, Felipe
_93341
_eautor
245 1 0 _aIntroducción a la fotointerpretación /
_cFelipe Fernández García
250 _a1a ed.
260 _aBarcelona :
_bAriel ;
_c2000
300 _a253 páginas :
_bilustraciones, tablas, gráficos ;
_c24 cm.
490 _3Ariel geografía
504 _aBibliografía: p. 251
505 0 _aHistoria de la fotografía aérea y de sus aplicaciones -- Las imágenes aéreas -- Las imágenes fotográficas -- Fotointerpretación: tareas y métodos -- La fotografía aérea y los análisis del paisaje - Estereogramas
520 3 _aSe abordan las técnicas por medio de las cuales es posible obtener información cualitativa y cuantitativa a partir de las fotografías aéreas que sea de utilidad para las disciplinas que utilicen tal técnica.
650 1 0 _aFotogrametría
_9120
650 2 0 _aFotogrametría aérea
_9414
650 2 0 _aHistoria
_9707
650 2 0 _aFotointerpretación
_93342
650 2 0 _aEstereogramas
_93343
942 _cLIB
_2ddc
999 _c501
_d501